000 00447nam a22001697a 4500
003 CEME
005 20210628210713.0
008 210211b xxu||||| |||| 00| 0 eng d
020 _a0-7897-2241-0
040 _c.
082 _a005.4469 GAY
245 _aLinux socket programming by example
260 _aUSA
_bQUE
_c2000
300 _aXV,558P
650 _aLINUX PROGRAMMING BY EXAMPLE SOCKET PROGRAMMING BY EXAMPLE
_980622
942 _cBK
_2ddc
999 _c585521
_d585521